| 000 | 00610cam a22002052 4500 | ||
|---|---|---|---|
| 001 | 0000002679 | ||
| 005 | 20151217145730.0 | ||
| 008 | 070418s xx 000 0 eng d | ||
| 020 |
_a9966465359 : _cKES 250 |
||
| 040 |
_aKABU _cKABU |
||
| 050 | 0 |
_aPL8704 _b.M53U35 1994 |
|
| 100 | 1 |
_aMkangi, Katama. _@0000152150 |
|
| 245 | 1 | 0 |
_aUkiwa / _cKatama Mkangi. |
| 260 |
_aNairobi : _bEast African Educational Publishers, _c1994. |
||
| 300 |
_a101 p. ; _c18 cm. |
||
| 440 | 0 |
_aWaandishi wa kiafrika _vS41 ; _@0000152123 |
|
| 908 | _a070418 | ||
| 950 | _@1 | ||
| 999 |
_c2028 _d2028 |
||